| 000 | 00799nam a22002177a 4500 | ||
|---|---|---|---|
| 005 | 20150522030438.0 | ||
| 008 | 000210s2000 ja b 001 0 eng | ||
| 010 | _a | ||
| 020 | _a9280810383 | ||
| 024 | 0 | _ceng | |
| 080 | _a628.1 | ||
| 245 | 0 | 0 |
_aTransboundary freshwater dispute resolution : _cby Heather L. Beach, Jesse Hamner, J.Joseph Hewitt, Edy Kaufman, Anja Kurki, Joe A. Oppenhemer, Aaron T. Wolf |
| 260 |
_aTokyo ; _aNew York : _bUnited Nations University Press, _c2000. |
||
| 300 |
_a324 f. ; _c23 cm. |
||
| 440 | 0 | _aWater resources management and policy series | |
| 504 | _aIncludes bibliographical references (p. 268-320) and index. | ||
| 650 | 0 | _aUji | |
| 650 | 0 | _aNdikimi i Mjedisit | |
| 700 | 1 | _aBeach, Heather L. | |
| 942 |
_2udc _cBK |
||
| 999 |
_c451 _d451 |
||